000 00677nam a22001937a 4500
005 20251108164832.0
008 250721s1987 xx 000 0 ara d
082 1 4 _a616.5/عبد
100 1 _aمصطفى، عبد المنعم
245 1 0 _aالأمراض الجلدية و التناسلية و العقم /
264 1 _aبيروت :
_bالمؤسسة العربية للدراسات و النشر،
_c1987.
300 _a224ص
490 0 _aالموسوعة الطبية العائلية ؛ 2
650 1 7 _aأمراض الجلد
650 1 7 _aالجهاز التناسلي
650 1 7 _aأمراض الجهاز التناسلي
942 _2ddc
_cBK
999 _c15507
_d15507